Statistics for wwf royal rumble winners 88' to 2013

Click here to take the quiz!

General Stats

  • This quiz has been taken 466 times
    (397 since last reset)
  • The average score is 18 of 27

Answer Stats

HintAnswer% Correct
1990 | 1991Hulk Hogan
84%
2007The Undertaker
82%
2000The Rock
79%
1995 | 1996Shawn Michaels
78%
1997 | 1998 | 2001Steve Austin
76%
2002Triple H
73%
2005Batista
72%
2008 | 2013John Cena
71%
2014Batista
70%
1992Ric Flair
68%
2009Randy Orton
67%
2006Rey Mysterio
63%
2010Edge
62%
1988Jim Duggan
59%
2004Chris Benoit
56%
1999Vince McMahon
55%
1993Yokozuna
55%
2003Brock Lesnar
53%
2012Sheamus
44%
2011Alberto Del Rio
43%
1989Big John Studd
43%
1994 cojoinedLex Luger & Bret Hart
19%

Score Distribution

Percentile by Number Answered

Percent of People with Each Score

Your Score History

You have not taken this quiz since the last reset